000 01081nam a2200301 i 4500
001 bg
100 1 _aTHOMPSON, Robert Bruce
245 1 0 _aPC Hardware :
_balmanach /
_cRobert Bruce Thompson, Barbara Fritchman Thompson ; [tł. Michał Dadan, Zygmunt Wereszczyński, Radosław Meryk].
246 _iTyt. oryg.:
_aPC Hardware in a nutshell
260 _aGliwice :
_b"Helion",
_ccop. 2004.
300 _a1038, [2] s. :
_bfot. ;
_c24 cm.
500 _aTyt. oryg.: "PC Hardware in a nutshell" 2003. Na okł.: Wydanie 3 dla Linuksa i Windows.
504 _aIndeks.
650 9 _aKomputery
_xbudowa i organizacja
655 _aPodręczniki
700 1 _aWERESZCZYŃSKI, Zygmunt.
_eTł.
700 1 _aMERYK, Radosław.
_eTł.
700 1 _aDADAN, Michał.
_eTł.
700 1 _aFRITCHMAN THOMPSON, Barbara
020 _a8373613420
040 _cBPK
041 1 _apol
_heng
080 _a004.382.7(07)
920 _a83-7361-342-0
942 _cKS
008 s pl f |000 0 pol
999 _c44691
_d44691
856 _uhttp://koha.tu.koszalin.pl/cgi-bin/koha/opac-detail.pl?biblionumber=44691
_yKatalog online BPK